01278nam a2200241Ia 4500001001100000003001000011008004100021040002500062041001300087100001400100245004200114250001100156260006500167300001200232500022100244501011400465520022100579650001900800942000700819957000600826999004200832952016200874L942-50934IT-CnALBA170116s9999||||xx |||||||||||||| ||und|| aIT-CnALBAcIT-CnALBA aITALIANO aBLOY LEON 0aLETTERE A JEANNE MOLBECK. CLIPPINGS.  a1a ed. a REGGIO E.bCITTÀ ARMONIOSA EDIZIONI c1990 [1° Ed.:1990] a127 p.  aTONI PROFONDI DOLCI PERSONALI DELL'AMORE. EPISTOLARIO PRIVATO. STORIA DELL'AMORE PER LA GIOVINE JEANNE. IN SEGUITO SPOSA. NOTIZIA DI A. DE PETRO. TRADUZIONE DAL FRANCESE DI RIVA G. LETTERE SOFFUSE DI FEDE RELIGIOSA.  aSocietà San Paolo EM - Piazza San Paolo, 14 - 12051 ALBA (CN) (non commercial uses only) ® Copyright 2017 aTONI PROFONDI DOLCI PERSONALI DELL'AMORE. EPISTOLARIO PRIVATO. STORIA DELL'AMORE PER LA GIOVINE JEANNE. IN SEGUITO SPOSA. NOTIZIA DI A. DE PETRO. TRADUZIONE DAL FRANCESE DI RIVA G. LETTERE SOFFUSE DI FEDE RELIGIOSA.  aSTORIA MODERNA cBK 71 a57458bNOg Copie: 1 c309838d309838 0010406L_9425093471aALBAbALBAd2017-01-16l0oL942-50934r2017-01-16 00:00:00w2017-01-16yBKz(data import: 16 gennaio 2017) - By Epidotti, Vaglietti.